000 00269nam a22001217a 4500
020 _a0-08-025071-8
082 _a515.72 MIK'O
100 _aMIKUSINKI, YAN
_957266
245 _aOPERATIONAL CALCULUS
260 _aOXFORD
_bPERGMAN
_c1983
300 _aV-1
942 _cBK
999 _c567561
_d567561